[Event "Treppenturnier 2023"]
[Site "Turnierstufe"]
[Date "2024.10.11"]
[Round "46-4"]
[White "Reflection II max Nigel Short"]
[Black "Reflection II max Amsterdam"]
[Result "0-1"]
[WhiteElo "2219"]
[BlackElo "2178"]
[PlyCount "172"]

1.e4 Nf6 2.e5 Nd5 3.d4 d6 4.Nf3 {Buchende.} 4...Nc6 {Buchende. Die
Aljechin-Verteidigung ist nicht erste Wahl für unsere Oldies...} 5.Bb5 Bd7 
6.O-O e6 7.c4 Nb6 {... schon jetzt wird es sehr eng.} 8.Bg5 ( 8.Nc3 {sieht
besser aus.} ) 8...Be7 9.Bxe7 Qxe7 10.a4 O-O 11.a5 Nc8 12.a6 b6 13.Nc3 dxe5 
14.Bxc6 Bxc6 15.Nxe5 Qd6 16.Re1 Ne7 17.Nxc6 Qxc6 18.Qe2 Ng6 19.Rad1 Rfe8 20.b4 
Nf4 21.Qf1 Qd6 22.Nb5 ( 22.g3 Ng6 {und dann} 23.Nb5 Qd7 24.d5 {... ist
kräftiger.} ) 22...Qd7 23.g3 c6 24.Nc3 Ng6 25.f4 Ne7 26.Qd3 $10 {Weiß hat zwar
mehr Raum, aber Schwarz hat alles unter Kontrolle.} 26...Red8 27.Qe2 Qc8 28.Qa2 
Rd7 29.Re4 Qc7 30.Qb3 Rad8 $6 31.h3 {Nun bekommt Schwarz Vorteil, weil der Bauer
a6 kaum noch zu schützen ist.} ( {Doch eher} 31.b5 ) 31...Nf5 32.Ne2 Qc8 33.Qa2 
c5 34.bxc5 bxc5 35.d5 Rd6 36.Kh2 Qxa6 37.Qxa6 Rxa6 {Weg ist er. Und A'dam weiß.
wie sein Gegner, sehr gut, was so ein entfernter Freibauer wert ist.} 38.g4 Ne7 
39.f5 Nc8 40.Nc3 exf5 41.gxf5 Nd6 42.Rf4 Ra3 43.Ne4 Nxc4 44.Nf6+ {Warum nicht?
Nigel Short geht es ohnehin schon schlecht.} ( 44.Nxc5 Nd6 45.Ne4 Ra5 46.Nxd6 
Rxd6 47.Rfd4 Kf8 {... und Weiß kann noch ein wenig kämpfen.} ) 44...gxf6 $17 
45.Rg4+ Kf8 46.Rxc4 Rf3 47.h4 Rxf5 48.Rxc5 Rd7 49.Rd4 Kg7 50.Rg4+ Kh6 51.Rd4 
Re5 52.Rd1 Kg6 53.Kg3 f5 54.Rd3 f6 55.Ra5 h6 56.Rc5 Kh5 57.Kf4 Rg7 58.Rd1 Rg4+ 
59.Kf3 Rxh4 $6 60.Ra5 ( 60.d6 {Remischance!} ) 60...f4 {Rest in 1 Stunde bzw. 1
min/Zug.} 61.Rxa7 Re3+ 62.Kf2 Rh2+ 63.Kg1 Ree2 64.Rg7 f3 65.d6 f2+ 66.Kf1 Re5 
67.Rb1 Rh1+ 68.Kxf2 Rxb1 69.Rf7 Re6 70.d7 Rd1 71.Rg7 Red6 72.d8=Q Rxd8 73.Ke3 
Re8+ 74.Kf3 f5 75.Kf2 f4 76.Rf7 Rd4 77.Ra7 Re3 78.Kf1 Kg4 79.Ra2 f3 80.Kg1 Rde4 
81.Rc2 Re2 {Mattankündigung.} 82.Rc1 f2+ 83.Kg2 Re1 84.Kh2 f1=Q 85.Rxe1 Qxe1 
86.Kg2 Re2# 0-1

[Event "Treppenturnier 2023"]
[Site "Turnierstufe"]
[Date "2024.10.22"]
[Round "47-1"]
[White "Reflection II max Nigel Short"]
[Black "Risc 2500 aktiv 2MB"]
[Result "0-1"]
[WhiteElo "2208"]
[BlackElo "2221"]
[PlyCount "144"]

1.e4 c5 2.Nf3 Nc6 3.d4 cxd4 4.Nxd4 g6 5.c4 Bg7 6.Be3 Nf6 7.Nc3 Ng4 8.Qxg4 Nxd4 
9.Qd1 Ne6 10.Rc1 {Buchende.} 10...b6 11.Bd3 Bb7 12.O-O O-O 13.b4 Nd4 
{Buchende.} 14.f4 d6 15.Ne2 e5 16.Nxd4 exd4 17.Bd2 Re8 18.Re1 a6 19.Qb3 Qe7 
20.Rcd1 Rac8 21.a4 Rc7 22.Ra1 Qe6 23.Ra3 Qe7 24.a5 bxa5 25.Rxa5 Qe6 26.Raa1 
Rcc8 27.Ra3 Ra8 28.Ra5 Rac8 29.Raa1 Ra8 30.Qc2 Rac8 {Risc 2500 verteidigt sich
stur und sein Gegner weiß nicht recht, wie er weiterspielen soll.} 31.Ra3 Qg4 
32.Qa2 Bh6 33.g3 Bg7 34.b5 {Nigel Short ist das Geschiebe leid, ...} 34...axb5 
35.cxb5 Ra8 36.Rxa8 Rxa8 37.Qb1 Rc8 38.Bb4 {... doch es bleibt in der
Remisbreite.} 38...Qe6 39.Qb2 Ra8 40.Re2 Re8 41.Qb1 Rc8 42.Ba5 Ra8 43.Be1 Ra3 
44.Qc2 Qe8 45.b6 Qd8 $2 {Auch ein Risc 2500 rechnet hier nicht tief genug.} ( 
{z.B.} 45...Qa8 {und alles ist im Lot.} ) 46.Qb1 $6 ( {Auch Freibauernkönig NS
erkennt es nicht:} 46.Qc7 $1 Qc8 ( 46...Qxc7 47.bxc7 Rxd3 48.Rb2 Rd1 49.Rxb7 
Rxe1+ 50.Kf2 Rc1 51.Rb8+ {...} ) 47.Rc2 Qa8 48.Bc4 d5 49.Bxd5 Bxd5 50.exd5 Qf8 
51.b7 {...} ) 46...Qa8 47.Kf1 $6 {Warum fragwürdig? Das zeigt sich gleich ...} 
47...Qa4 {Kombinatorik ist gefragt. Erstmals zeigt der Saitek eine positive
Bewertung an: (+48)} 48.Rb2 Rxd3 49.Qxd3 Ba6 50.Kf2 ( {Besseres Gegenspiel
bietet noch:} 50.b7 Bxd3+ 51.Kf2 Bxe4 52.b8=Q+ Bf8 53.Qb3 Qa8 54.Rd2 {...} ) 
50...Bxd3 51.b7 Bxe4 52.b8=Q+ Bf8 53.Qb3 Qc6 54.Qd1 d3 55.Kf1 h5 56.Qd2 Bg7 
{(+77) Die Waage neigt sich immer mehr zugunsten von Schwarz.} 57.Rb4 {(+0.15)} 
57...Kh7 58.Kg1 d5 59.Kf1 Qc8 60.Kg1 Qc2 {(+282) NS kann aufgeben. Rest der
Partie in je 1 Stunde.} 61.f5 {(-2.05)} 61...Bc3 62.fxg6+ Kxg6 63.Qf2 Qc1 64.g4 
Bxe1 65.gxh5+ Kg5 $1 66.h4+ Kg4 67.Rxe4+ dxe4 68.Qf1 Bf2+ {Mattankündigung.} 
69.Kg2 Qxf1+ 70.Kxf1 Kf3 71.h6 d2 72.h5 d1=Q# 0-1

[Event "Treppenturnier 2023"]
[Site "Turnierstufe"]
[Date "2024.10.23"]
[Round "47-2"]
[White "Risc 2500 aktiv 2MB"]
[Black "Reflection II max Nigel Short"]
[Result "1-0"]
[WhiteElo "2231"]
[BlackElo "2198"]
[PlyCount "121"]

1.d4 d5 2.c4 e6 3.Nc3 Nf6 4.Bg5 Be7 5.e3 O-O 6.Nf3 h6 7.Bh4 b6 8.Bd3 Bb7 
{Buchende.} 9.Bxf6 Bxf6 10.cxd5 exd5 11.O-O c5 12.Rc1 {Buchende.} 12...Re8 
13.dxc5 bxc5 14.Qb3 Bc6 15.Bb5 c4 16.Qa4 Bxc3 17.bxc3 Bxb5 18.Qxb5 Qd7 19.Nd4 
a6 20.Qb6 {Schwarz ist unter dauerndem Druck, aber die Verteidigung hält (noch)
...} 20...Qc8 21.Qa5 Qd8 22.Qxd8 Rxd8 23.Rfd1 g6 24.Rb1 h5 $6 ( 24...Rd6 {hält
alles zusammen.} ) 25.Rb4 Kh7 26.Rb7 {Schwarz hat sein Pferd immer noch im Stall
und zahlt nun dafür.} 26...Rd7 27.Rdb1 {(+222)} 27...Rxb7 {(-1.39)} 28.Rxb7 Kg8 
29.Rc7 f5 30.Rc8+ {(+408)} 30...Kf7 {(-247)} 31.Nc6 {Der Rest sollte eine Sache
der Technik sein.} 31...Nxc6 32.Rxa8 Ke6 33.Rxa6 Kd6 34.Ra8 Ke7 35.a4 f4 36.a5 
fxe3 37.fxe3 Ke6 38.a6 h4 39.a7 Nxa7 40.Rxa7 Kf5 41.Kf2 Ke4 42.Ke2 Ke5 43.Kf3 
Kf5 44.Ra5 Ke6 45.Kf4 Kd6 46.Ra6+ Kd7 47.Rxg6 h3 48.gxh3 Ke7 49.Ke5 Kf7 50.Rc6 
Kg7 51.Kxd5 Kf7 52.Kd6 Kg6 53.e4 Kg5 54.e5 Kh5 55.Rxc4 {Mattankündigung.} 
55...Kg6 56.Rg4+ Kf5 57.e6 Kf6 58.c4 Kf5 59.e7 Kf6 60.e8=Q Kf5 61.Qf7# 1-0

[Event "Treppenturnier 2023"]
[Site "Turnierstufe"]
[Date "2024.10.25"]
[Round "47-3"]
[White "Reflection II max Nigel Short"]
[Black "Risc 2500 aktiv 2MB"]
[Result "0-1"]
[WhiteElo "2189"]
[BlackElo "2240"]
[PlyCount "91"]

1.c4 e5 2.Nc3 Nf6 3.Nf3 Nc6 4.g3 Bb4 5.Bg2 O-O 6.O-O e4 7.Ne1 Bxc3 8.dxc3 h6 
9.Nc2 {Buchende.} 9...Re8 {Buchende.} 10.Nd4 ( 10.Ne3 $1 {ist u.a. Theorie.} ) 
10...Nxd4 11.cxd4 d5 12.cxd5 Nxd5 13.Qb3 Rb8 14.Bd2 Bg4 15.Rfe1 c6 16.Rac1 Qf6 
17.h3 Be6 18.Qa4 Ra8 19.e3 Bd7 20.Red1 Qg6 21.Be1 Qh5 {Nigel Short ist schon in
der Defensive ...} 22.g4 $6 {.. macht Lockerungsübungen und wird ungenau.} ( 
22.Kh2 {ist sicherer.} ) 22...Qg6 23.Qb3 b6 24.Qa4 h5 $1 {Risc weiß um die
Schwachstellen des Gegners.} 25.gxh5 $2 {NS hat jetzt schon keine guten Züge
mehr.} 25...Qxh5 26.Kh2 Nf6 $6 ( {Riesenglück für NS, dass sein Gegner nicht die
richtige Fortsetzung findet:} 26...Re6 $1 {und z.B.} 27.Qa6 {Anderes hilft auch
nicht mehr.} 27...Rf6 28.Rc3 Qxd1 29.Qf1 Nxc3 30.bxc3 Rh6 31.Kg1 Bxh3 32.Bxh3 
Rxh3 33.Qxh3 Qxe1+ {...} ) 27.Qc4 Rac8 ( 27...Bg4 $1 {oder} ) ( 27...Nh7 $1 
28.d5 Ng5 {... und Weiß ist verloren.} ) 28.Qf1 Bg4 {(+70)} 29.Rd2 {(+0.03) Risc
hat weiterhin einen gefährlichen Angriff, aber der Mephisto sieht ihn nicht...} 
29...Bf3 30.Rdc2 Bd1 $6 {... Risc 2500 sieht aber auch nicht weit genug. Was
soll das?} ( 30...Ng4+ $1 ) 31.Rxc6 Rxc6 32.Rxc6 Be2 33.Qh1 Qd5 34.Rc3 Qxa2 
{(+96)} 35.Ra3 Qxb2 36.Rxa7 {(+0.12)} 36...Bd3 37.Bf1 b5 38.Qg2 Qc1 39.Bxd3 
exd3 40.Bb4 Qb2 ( 40...d2 $2 41.Qb7 {...} ) 41.Be7 $4 {Gespielt mit der
Bewertung (-0.67). Der Horizont ist sehr nahe.} 41...Rxe7 $1 {(+488) Natürlich,
aber von NS nicht erwartet, obwohl er sich doch mit Freibauern auskennt.} 
42.Rxe7 {(-2.23)} 42...d2 43.Rxf7 {Resignation.} 43...Kxf7 {(999)} 44.Qb7+ 
{(-4.47)} 44...Kg6 45.Qg2+ {(-9.87)} 45...Kh7 46.Qg5 {und Aufgabe.} ( 46.Qg5 
Qb1 {Matt in 10.} 47.Qh4+ Kg8 48.Qg5 d1=Q 49.Qg2 Qe4 50.Kg3 Qxg2+ 51.Kxg2 Ne4 
52.h4 Qg4+ 53.Kf1 Qf3 54.Ke1 Qxf2+ 55.Kd1 Qd2# ) 0-1

[Event "Treppenturnier 2023"]
[Site "Turnierstufe"]
[Date "2024.10.27"]
[Round "47-4"]
[White "Risc 2500 aktiv 2MB"]
[Black "Reflection II max Nigel Short"]
[Result "1-0"]
[WhiteElo "2249"]
[BlackElo "2180"]
[PlyCount "92"]

1.e4 e5 2.Nf3 Nc6 3.Bb5 a6 4.Ba4 Nf6 5.d4 exd4 6.O-O Be7 7.Re1 b5 {Buchende!} 
8.Bb3 {Buchende.} 8...Bb4 $2 {Erstaumlicherweise kennt NS den Morphy-Spanier nur
bis hierher, macht gleich einen schlechten Zug und wirft auch seinen Gegner aus
dem Buch.} ( 8...d6 $1 ) 9.c3 dxc3 10.e5 $1 {(+63)} 10...Ng8 {(+0.45)} 11.Qd5 
Qe7 12.Nxc3 h6 13.Qd3 Bxc3 14.Qxc3 Bb7 15.Be3 b4 16.Qc2 Qf8 {Wie hätte Kishon
Chesster womöglich gesagt: "Jaja, Eröffnungen müsste man können." ;-)} 17.Rad1 
Nge7 {(-0.34)} 18.Bc5 {(+184)} 18...a5 19.Qd3 O-O-O 20.Nh4 {Ok, aber es gehen
schon tödliche Sachen, alle natürlich viel zu tief, z.B.:} ( 20.Bc4 $1 Qe8 ( 
20...Nb8 21.Nd4 Nbc6 22.Ba6 Nxd4 23.Bxd4 Nc6 24.Qb5 Bxa6 25.Qxa6+ Kb8 26.Qb5+ 
Ka8 27.Rc1 Qe7 28.Qa6+ {...} ) 21.Ba6 Nb8 22.Bxb7+ Kxb7 23.Qb5+ Kc8 24.Ba7 Nec6 
25.Bxb8 Nxb8 26.Rc1 Qe6 27.Nd4 Qa6 28.Rxc7+ $1 Kxc7 29.Rc1+ Qc6 30.Qxa5+ Kc8 
31.Nxc6 dxc6 32.Qxb4 {...} ) 20...Qg8 21.Nf5 Ng6 $2 22.Qg3 ( {Es droht
Schreckliches nach} 22.Qb5 $1 ) 22...h5 23.f4 Re8 24.Qd3 Rd8 25.Qd2 ( 25.Bd5 $1 
{Auch der Taktiker Risc 2500 ist bei den kombinatorischen Implikationen dieser
Partie meist überfordert.} ) 25...h4 26.Bc2 h3 27.g3 Rh5 28.Qe2 Rh8 29.Bb3 ( 
{Er will einfach nicht} 29.Be4 $1 {ziehen!?} ) 29...Qh7 30.Qg4 {Die Chancen für
Weiß liegen im Königsangriff.} 30...Qg8 31.Bd5 $1 Re8 32.Qe2 Rd8 33.Rf1 ( 
33.Qb5 $1 ) 33...Re8 34.Qc4 Qh7 35.Bxf7 {Die kleinere Beute.} ( 35.Be4 $1 {Jagt
das Großwild.} 35...Re6 36.Qb5 Rd8 37.Ne7+ Rxe7 38.Bxe7 Qh8 39.Bxd8 Qxd8 40.e6 
fxe6 41.Bxg6 {...} ) 35...Ngxe5 36.fxe5 Rxe5 37.g4 ( 37.Rd5 $1 Rxd5 38.Bxd5 g6 
39.Ne7+ Nxe7 40.Bxb7+ Kxb7 ( 40...Kd8 41.Qa6 {...} ) 41.Qb5+ {#6} 41...Kc8 
42.Qa6+ Kd8 43.Bxe7+ Ke8 44.Bg5 Qe7 45.Qc8+ Qd8 46.Qxd8# ) 37...g6 38.Ng3 g5 
39.Bd5 Rhe8 40.Nh5 Rd8 41.Nf6 Qg7 42.Qb5 Qg6 43.Bd4 Re7 44.Rf5 Ba8 45.Ba7 Qxf5 
46.gxf5 {(+919)} 46...Re5 {Nigel Short gibt auf.} 1-0

[Event "Treppenturnier 2023"]
[Site "Turnierstufe"]
[Date "2024.10.29"]
[Round "48-1"]
[White "Risc 2500 aktiv 2MB"]
[Black "Star Sapphire"]
[Result "1-0"]
[WhiteElo "2257"]
[BlackElo "2232"]
[PlyCount "44"]

1.e4 d5 2.exd5 Nf6 3.d4 Nxd5 4.c4 Nb6 5.Nf3 Bg4 6.c5 Bxf3 7.Qxf3 Nd5 8.Qb3 b6 
{Buchende.} 9.Bg5 {Buchende. B01, keine Eröffnung, die man als Oldie mit Schwarz
wählen sollte. Die Novags sind aber dafür bekannt, dass sie alles spielen.} 
9...Qd7 10.Nc3 Nxc3 11.bxc3 Qf5 12.Be3 {(+124)} 12...Nd7 13.Bb5 e6 {(-00.76)} 
14.Qa4 Rd8 15.Qxa7 bxc5 16.dxc5 Qc2 17.O-O Be7 18.Rfd1 O-O 19.Bxd7 Bf6 20.Qxc7 
Qxc3 21.Rac1 Qb2 22.c6 Qxa2 {(resign) Star Sapphire gibt auf.} 1-0

[Event "Treppenturnier 2023"]
[Site "Turnierstufe"]
[Date "2024.10.30"]
[Round "48-2"]
[White "Star Sapphire"]
[Black "Risc 2500 aktiv 2MB"]
[Result "0-1"]
[WhiteElo "2223"]
[BlackElo "2266"]
[PlyCount "93"]

1.e4 e5 2.Nf3 Nc6 3.Bb5 a6 4.Ba4 Nf6 5.O-O Nxe4 6.d4 b5 7.Bb3 d5 8.dxe5 Be6 
9.c3 Nc5 10.Bc2 Bg4 11.Re1 Be7 12.Nbd2 d4 13.Nb3 {Buchende.} 13...d3 $5 14.Bb1 
Nxb3 15.axb3 Bf5 {Buchende.} 16.Re3 {Ist ok und verdirbt nichts.} ( 16.Be3 $1 
{ist noch besser.} ) 16...Bc5 17.Rxd3 Bxd3 18.Bxd3 Qd5 19.Bg5 ( 19.Qe2 {ist
stärker.} ) 19...h6 20.Bf5 $2 {Was soll das denn? Der Novag spekuliert, objektiv
ist der Zug ein Fehler.} 20...Qxd1+ 21.Rxd1 hxg5 22.Bd7+ Ke7 23.Bxc6 Rad8 
24.Nd4 Bxd4 25.cxd4 f6 26.d5 $5 {Wieder spielt er (absichtlich?) nicht den
besten Zug.} ( 26.exf6+ ) 26...fxe5 27.Re1 {(-00.76)} 27...Kd6 {(+172)} 28.Ra1 
Kc5 29.Rxa6 Rh6 30.Ra1 Kb4 31.f3 Kxb3 32.Ra7 {(-00.65)} 32...b4 {(+203)} 33.Rb7 
g6 34.h3 Rh4 35.Rxc7 Kxb2 36.Re7 b3 37.Kf2 Kc2 {(+419)} 38.Rxe5 b2 39.Re2+ Kb3 
40.Re3+ Ka2 41.Re2 Ka1 42.Re7 b1=Q 43.Ra7+ {(-04.03) Er gibt noch nicht auf.} 
43...Qa2+ {(+643)} 44.Rxa2+ Kxa2 45.g3 Rxh3 46.f4 gxf4 47.gxf4 {(resign) Star
Sapphire gibt endlich auf.} 0-1

[Event "Treppenturnier 2023"]
[Site "Turnierstufe"]
[Date "2024.11.02"]
[Round "48-3"]
[White "Risc 2500 aktiv 2MB"]
[Black "Star Sapphire"]
[Result "1-0"]
[WhiteElo "2275"]
[BlackElo "2214"]
[PlyCount "90"]

1.e4 e5 2.Nf3 Nf6 3.Nxe5 d6 4.Nf3 Nxe4 5.Qe2 Qe7 6.d3 Nf6 7.Bg5 {Buchende.} 
7...Qxe2+ 8.Bxe2 Be7 {Buchende.} 9.c4 Nc6 10.Nc3 O-O 11.Nb5 Bd8 12.O-O Bf5 
13.Rfe1 Nb4 14.Red1 a6 15.Nbd4 Bd7 16.a3 Nc6 17.Nxc6 bxc6 18.b4 Re8 19.Nd4 a5 
$5 {Erneut ein spekulativer Zug mit negativen Folgen am Damenflügel.} ( 
{Einfach} 19...h6 {.} ) 20.Bf3 d5 21.cxd5 cxd5 22.b5 h6 23.Bf4 g5 24.Be3 Be7 
25.Rdc1 Bd6 26.h3 Be5 27.a4 $14 {Weiß hat das schwache Feld c6 und den Bauern c7
im Visier. Es zeigt sich, dass 19....a5 nicht gut war.} 27...Re7 28.Ra2 Rae8 
29.Nb3 g4 {Typisch für den Novag: Flucht nach vorn.} 30.hxg4 Nxg4 31.Bxg4 $16 
{(+222)} 31...Bxg4 {(-00.76)} 32.Nxa5 d4 33.Bxh6 Bd6 34.Raa1 Re2 35.Nc4 Bb4 
36.Bf4 Bc3 37.Bxc7 {(+238) Setzt auf die Freibauern.} 37...Bxa1 {(-00.61)} 
38.Rxa1 Re1+ 39.Rxe1 Rxe1+ 40.Kh2 Be6 41.Nd6 Bd5 42.b6 Re2 43.a5 Rxf2 44.Ne4 
Rf1 45.a6 Kg7 {(resign) Star Sapphire gibt auf.} 1-0

[Event "Treppenturnier 2023"]
[Site "Turnierstufe"]
[Date "2024.11.04"]
[Round "48-4"]
[White "Star Sapphire"]
[Black "Risc 2500 aktiv 2MB"]
[Result "1/2-1/2"]
[WhiteElo "2206"]
[BlackElo "2283"]
[PlyCount "122"]

1.e4 c6 2.d4 d5 3.exd5 cxd5 4.c4 Nf6 5.Nc3 g6 6.Qb3 Bg7 7.cxd5 O-O 8.Be2 Nbd7 
9.Bf3 Nb6 10.Bg5 a5 11.Nge2 a4 12.Qb5 Bd7 {Buchende.} 13.Qb4 {Buchende.} 
13...Bf5 14.O-O Rc8 15.Bxf6 Bxf6 16.Nxa4 Nxa4 17.Qxa4 Qb6 18.Qa3 Rc2 19.Qe3 
Rxb2 20.Rfc1 Ra8 21.g4 Bb1 22.g5 Bg7 $10 {Ausgeglichen, aber ein Minenfeld.
Tritt einer daneben?} 23.Qxe7 Bxd4 24.Nxd4 Qxd4 25.Qe3 Qxe3 26.fxe3 Bxa2 27.d6 
Rd8 28.Rd1 b5 29.Bd5 Bxd5 30.Rxd5 $10 {Keiner begeht einen Fauxpas. Nun sieht's
nach einem Remis aus.} 30...b4 31.d7 Kg7 32.Rc1 Kf8 33.Rc4 b3 34.Rb4 Kg7 35.h4 
h6 36.Kf1 hxg5 37.hxg5 f6 38.gxf6+ Kxf6 39.Rd3 g5 40.Rb7 g4 41.Rd6+ Ke7 42.Rg6 
Ra2 43.Rg7+ Kf6 44.Rxg4 Rb2 45.Ke1 Ra8 46.Rf4+ Ke6 47.Rd4 Ra1+ 48.Rd1 Rxd1+ 
49.Kxd1 Ke7 50.e4 Rg2 51.d8=B+ Kxd8 52.Rxb3 Ke7 53.Rb8 Rg4 54.Rb4 Rg2 55.Rd4 
Ke6 56.Rd8 Rg4 57.Re8+ Kf7 58.Re5 Kf6 59.Re8 Kf7 60.Re5 Kf6 61.Re8 Kf7 {Remis
3x.} 1/2-1/2

[Event "Treppenturnier 2023"]
[Site "Turnierstufe"]
[Date "2024.11.05"]
[Round "49-1"]
[White "Risc 2500 aktiv 2MB"]
[Black "Vancouver 68000"]
[Result "1-0"]
[WhiteElo "2281"]
[BlackElo "2234"]
[PlyCount "166"]

1.d4 d5 2.c4 dxc4 3.Nf3 Nf6 4.e3 e6 5.Bxc4 c5 6.O-O a6 {Buchende.} 7.b3 b5 
8.Be2 Bb7 9.Bb2 Nbd7 10.Nbd2 {Buchende.} 10...Bd6 11.dxc5 Bxc5 12.Rc1 Rc8 13.a3 
O-O $10 {Die Chancen sind gleich verteilt.} 14.b4 Bd6 15.Rxc8 Qxc8 16.Qb3 Qb8 
17.Rc1 Rc8 18.Rxc8+ Qxc8 19.Bd3 g6 20.a4 bxa4 21.Qxa4 Nd5 22.b5 Nb4 23.Be2 axb5 
24.Bxb5 Nb6 25.Qa5 Qc7 26.Qa3 Qc2 27.Bd4 Qd1+ $2 {Zu kurzsichtig.} ( 27...N6d5 
{und alles ist ausgewogen.} ) 28.Bf1 $6 ( {Risc sieht den Vorteil nicht:} 
28.Nf1 $1 Bxf3 ( 28...Na8 29.Qa7 Bxf3 30.gxf3 Qxf3 31.Qd7 Bf8 32.Qd8 {...} ) ( 
28...e5 29.Bxb6 Bxf3 30.gxf3 Qxf3 31.Qa7 Qg4+ 32.Ng3 {...} ) ( 28...Nd7 29.Qa7 
Bc6 30.Bxc6 Nxc6 31.Qxd7 Nxd4 32.Nxd4 Bxh2+ 33.Kxh2 Qxf1 {...} ) 29.gxf3 Qxf3 
30.Bxb6 {...} ) 28...Na4 29.Ng5 Be7 30.Nge4 Bc6 $10 31.Bf6 Bf8 {Alles im Lot.} 
32.Qa1 Qxa1 33.Bxa1 Be7 34.Nf6+ Bxf6 35.Bxf6 Nc5 36.f3 Nd7 37.Bb2 e5 38.e4 f6 
39.Nc4 Nc5 40.Ba3 Nbd3 41.Nb2 Nxb2 42.Bxc5 Kg7 43.Kf2 g5 44.Ke3 Kg6 45.Kd2 h6 
46.Kc2 {Das weiße Läuferduo ist stark und Schwarz muss auf seinen Springer
achten.} 46...Na4 47.Bf2 h5 $2 {Nun dürfte das Ross verloren gehen.} ( 47...f5 
$1 {hätte noch geholfen, z.B.} 48.exf5+ Kxf5 49.Kb3 Ke6 50.Bd3 Kd6 51.Kb4 {...} 
) 48.Bc4 h4 49.Be6 $2 ( {Springerfang-Varianten sind viel zu tief, z.B.} 49.Bd3 
Be8 50.Kb3 Kh5 51.Be3 Kg6 52.Bc2 Bb5 53.Bf2 Be8 54.Kb4 Nb2 55.Kc3 Na4+ 56.Kb3 
Bb5 57.Be3 Kf7 58.Kb4 Bd7 {...} ) 49...Kg7 50.Bd5 Bb5 51.Kb3 Bd7 52.g3 $10 
{Gewinnchance vorbei.} ( {Aber welcher Oldie kann z.B. Folgendes errechnen?} 
52.Bc4 Kf8 53.Bd3 Ke7 54.Bc2 Kd8 55.Kb4 Nb2 56.Bb6+ Kc8 57.Be3 g4 58.Kb3 Na4 
59.fxg4 Kc7 60.Kb4 Nb6 61.h3 Bc8 62.Bf2 Nd7 63.Bxh4 {...} ) 52...hxg3 53.hxg3 
Kf8 54.Be3 Ke7 55.Bc4 Bc6 56.Kb4 Nb2 57.Bf1 Bd7 58.Bc5+ Ke8 59.g4 Na4 60.Be3 
Ke7 {Rest der Partie in je 1 Stunde.} 61.Bd3 Nb2 62.Bc2 Be6 63.Bc5+ Kf7 64.Kc3 
Nc4 65.Bb3 Na5 66.Bd5 Bxd5 {Jeder andere Zug verliert.} 67.exd5 Ke8 $2 {Pech.
Nun verliert Mephisto doch noch.} ( {Richtig:} 67...Nb7 {oder} ) ( 67...f5 ) 
68.Bb4 Nb7 69.Kd3 Kd7 70.Ke4 Ke8 71.Kf5 Kf7 72.d6 Nd8 73.d7 e4 74.fxe4 Ne6 
75.e5 Nd4+ 76.Ke4 Nc6 77.Kd5 Nd8 78.Ba5 Ne6 79.exf6 Kxf6 80.Kd6 Kf7 81.Bd2 Kf6 
82.Bxg5+ Kxg5 83.Kxe6 Kxg4 {(AUFGB)} 1-0

[Event "Treppenturnier 2023"]
[Site "Turnierstufe"]
[Date "2024.11.08"]
[Round "49-2"]
[White "Vancouver 68000"]
[Black "Risc 2500 aktiv 2MB"]
[Result "0-1"]
[WhiteElo "2225"]
[BlackElo "2290"]
[PlyCount "95"]

1.d4 Nf6 2.c4 e6 3.Nc3 Bb4 4.e3 O-O 5.Bd3 c5 {Buchende.} 6.d5 {Buchende.} 
6...exd5 7.cxd5 d6 8.Ne2 Nbd7 9.O-O Ne5 10.e4 Bg4 11.Bc2 Bd7 12.Bg5 h6 13.Bh4 
Qe7 14.Ba4 Bxa4 15.Qxa4 g5 16.Bg3 Nc4 17.f3 Nxb2 {Der Springer beginnt eine
kleine Rundreise durch die weißen Reihen, ...} 18.Qb3 Bxc3 19.Nxc3 Nd3 20.Nd1 
Nf4 21.Bxf4 gxf4 {die mit einer weiterhin ausgeglichenen Stellung endet.} 
22.Nf2 Rab8 23.Qb5 Nd7 24.Ng4 Kg7 25.Qb2+ Kh7 26.Qa3 $6 ( {Doch eher} 26.Qd2 ) 
26...Rg8 {Denn nun wird Schwarz am Königsflügel aktiv.} 27.Qa4 $6 Rg6 {Risc
folgt offensichtlich einem Plan:} 28.Kh1 h5 29.Nf2 Rbg8 30.Rg1 Ne5 31.Nh3 Qh4 
32.Qa3 Nc4 {Die Luft wird sehr dünn für Vancouver.} 33.Qa4 Ne3 34.Qd7 R8g7 
{Alles auf Angriff - aber wo den Hebel ansetzen?} 35.Rab1 f5 {(+337)} 36.Qe8 
{(-1.66)} 36...Rxg2 {(+540) und los geht's!} 37.Rxg2 {(-4.09)} 37...Nxg2 38.Nf2 
Ne3 39.Rg1 Rxg1+ 40.Kxg1 Qg5+ 41.Ng4 hxg4 42.Qf7+ Kh6 43.Qe6+ Kh5 44.Qe8+ Kh4 
45.Qh8+ Qh5 46.Qxh5+ Kxh5 47.e5 c4 48.e6 {(AUFGB).} 0-1

[Event "Treppenturnier 2023"]
[Site "Turnierstufe"]
[Date "2024.11.11"]
[Round "49-3"]
[White "Risc 2500 aktiv 2MB"]
[Black "Vancouver 68000"]
[Result "1-0"]
[WhiteElo "2298"]
[BlackElo "2217"]
[PlyCount "64"]

1.e4 e5 2.Nf3 Nf6 3.d4 Nxe4 4.Bd3 d5 5.Nxe5 Bd6 6.O-O O-O 7.Nd2 Bxe5 8.dxe5 Nc5 
9.Nb3 Nxd3 10.Qxd3 Nc6 {Buchende.} 11.Bf4 {Buchende.} 11...Re8 12.Rae1 Qd7 
13.c3 Ne7 14.Bg5 c6 15.Bxe7 Qxe7 16.f4 Qh4 $6 ( 16...Qc7 ) 17.Nd4 h6 $6 {Zu
zaghaft.} ( {Einfach} 17...Bd7 ) 18.f5 $1 {Prompt kommt der Angriff.} 18...Qg5 
19.e6 $1 Kf8 20.c4 {Gut.} ( {Noch stärker:} 20.Nf3 Qf6 21.Ne5 {...} ) 20...Qh4 
{Mephisto könnte bereits aufgeben.} ( 20...fxe6 {bringt auch nichts, denn dann
z.B.} 21.fxe6+ Kg8 22.Qf3 Kh7 23.Qf7 Rg8 24.Nf5 Qf6 25.Qxf6 gxf6 26.cxd5 cxd5 
27.Ne7 Re8 28.Nxd5 Rxe6 29.Rxe6 Bxe6 30.Nc7 {...} ) 21.f6 $1 Bxe6 {(-2.57)} 
22.Nxe6+ Kg8 23.cxd5 {(+393)} 23...Qb4 24.d6 $1 {Armer Vancouver.} 24...Rxe6 
{Verzweiflung.} 25.Rxe6 Rd8 26.Qe3 ( {Stärker:} 26.Re7 $1 Qc5+ 27.Kh1 Qd5 
28.Qxd5 cxd5 29.d7 Rxd7 30.Rxd7 {...} ) 26...fxe6 27.Qxe6+ Kh7 28.Qf5+ g6 
29.Qe6 Qd4+ 30.Kh1 h5 31.Qe7+ Kh6 32.Qxd8 Qd3 {Mephisto denkt 15 Minuten nach
und sagt (AUFGB).} ( 32...Qd3 {Matt in 8:} 33.Re1 Qc4 34.Qe7 c5 35.f7 Qf4 
36.f8=Q+ Qxf8 37.Qxf8+ Kg5 38.Re5+ Kg4 39.Qf3+ Kh4 40.Qg3# ) 1-0